Biggest Countries Without a 'C' by Population - Statistics

General Stats
  • This quiz has been taken 85 times
  • The average score is 18 of 20
Answer Stats
Population Country % Correct
1,314 mill India
99%
207 mill Brazil
97%
92.8 mill Egypt
96%
82.8 mill Germany
96%
324 mill United States
96%
191 mill Nigeria
95%
65 mill United Kingdom
93%
263 mill Indonesia
92%
196 mill Pakistan
91%
146 mill Russia
91%
126 mill Japan
89%
103 mill Philippines
89%
79 mill Turkey
88%
92.7 mill Vietnam
88%
60 mill Italy
85%
104 mill Ethiopia
81%
68 mill Thailand
81%
80 mill Iran
79%
162 mill Bangladesh
77%
56 mill Tanzania
56%
No matching quizzes found
Score Distribution
Percent of People with Each Score
Percentile by Number Answered
Your Score History
You have not taken this quiz